<?xml version="1.0" encoding="UTF-8"?>
<record
    xmlns:xsi="http://www.w3.org/2001/XMLSchema-instance"
    xsi:schemaLocation="http://www.loc.gov/MARC21/slim http://www.loc.gov/standards/marcxml/schema/MARC21slim.xsd"
    xmlns="http://www.loc.gov/MARC21/slim">

  <leader>01899nam a22001577a 4500</leader>
  <controlfield tag="003">IT-RoPau</controlfield>
  <controlfield tag="005">20220918181107.0</controlfield>
  <controlfield tag="008">130604b        xxu||||| |||| 00| 0 eng d</controlfield>
  <datafield tag="040" ind1=" " ind2=" ">
    <subfield code="c">IT-RoPau</subfield>
  </datafield>
  <datafield tag="100" ind1=" " ind2=" ">
    <subfield code="a">Pastorale Vocazionale Paolina</subfield>
    <subfield code="9">644</subfield>
  </datafield>
  <datafield tag="245" ind1=" " ind2=" ">
    <subfield code="a">Vita Paolina</subfield>
  </datafield>
  <datafield tag="260" ind1=" " ind2=" ">
    <subfield code="a">Roma</subfield>
    <subfield code="b">SSP</subfield>
  </datafield>
  <datafield tag="490" ind1=" " ind2=" ">
    <subfield code="a">Vita Paolina</subfield>
  </datafield>
  <datafield tag="520" ind1=" " ind2=" ">
    <subfield code="a">Indice
Vita Paolina. Periodico della Soc. S. Paolo - Vicenza. Anno XIV n.3 giugno 1988. Pp. 30
Vita Paolina. Periodico dei giovani paolini -  Vicenza. Anno XV n.2-3 novembre 1989. Pp. 26
Vita Paolina. Tam tam della trib&#xF9; di... (Pentecoste a Babele) - N. 4 - Giugno 1993. Pp. 30
Vita Paolina. Tam tam della trib&#xF9; di... (Fate a tutti la carit&#xE0; della Verit&#xE0;) - Numero 12 - Marzo 1996. Pp. 31
Vit@ Paolina. Un uomo un ideale. Numero speciale -  8  settembre 1997 (2 copie). S.n.p.
Vita Paolina. Paolo l'apostolo delle genti. Numero speciale - agosto 2000. Pp. 35
Vita Paolina. Numero 23 - ottobre / dicembre 2001. Pp. 31 
Vita Paolina. 2002 occasioni per dire Pace. Numero 24 - gennaio / marzo 2002 (2 copie). Pp. 31
Vita Paolina. Chiamati alla santit&#xE0;. Numero 25 - aprile / giugno 2002.  Pp. 31
Vita Paolina. Tam tam di Vita Paolina. Andiamo in vacanza con Dio. Campi estivi Paolini 2002. Maggio 2002
Vita Paolina. Il Segreto di riuscita. Numero 26 - luglio settembre 2002 (2 copie). Pp. 31
Vita Paolina. 2003 Un anno costruito dai nostri nomi. Numero 28 gennaio / marzo 2003. Pp.  31
Vita Paolina. Paolo vivo oggi. Numero 29 - aprile - giugno 2003. Pp. 42
Vita Paolina. La comunicazione e il Sacro concorso per tesi. Numero 33 - ottobre / dicembre 2005. Pp. 15
Vita Paolina. Pronti al decollo. Itinerario spirituale per maturare nella fede e nella scelta di vita. Numero 38 - luglio / settembre 2007 (3 copie). Pp. 56
Vita Paolina.- Paolo vivo oggi. Anno paolino 28 giugno 2008 - 29 giugno 2009. Numero 40 - aprile / giugno 2008. Pp. 46
</subfield>
  </datafield>
  <datafield tag="942" ind1=" " ind2=" ">
    <subfield code="2">ddc</subfield>
    <subfield code="c">CR</subfield>
  </datafield>
  <datafield tag="999" ind1=" " ind2=" ">
    <subfield code="c">98680</subfield>
    <subfield code="d">98680</subfield>
  </datafield>
  <datafield tag="952" ind1=" " ind2=" ">
    <subfield code="0">0</subfield>
    <subfield code="1">0</subfield>
    <subfield code="2">ddc</subfield>
    <subfield code="4">0</subfield>
    <subfield code="6">P_D1</subfield>
    <subfield code="7">1</subfield>
    <subfield code="a">PAULUS</subfield>
    <subfield code="b">PAULUS</subfield>
    <subfield code="d">2013-06-04</subfield>
    <subfield code="l">0</subfield>
    <subfield code="o">P D1</subfield>
    <subfield code="r">2013-06-04 00:00:00</subfield>
    <subfield code="w">2013-06-04</subfield>
    <subfield code="y">CR</subfield>
  </datafield>
  <datafield tag="952" ind1=" " ind2=" ">
    <subfield code="0">0</subfield>
    <subfield code="1">0</subfield>
    <subfield code="2">ddc</subfield>
    <subfield code="4">0</subfield>
    <subfield code="6">P_D2</subfield>
    <subfield code="7">1</subfield>
    <subfield code="a">PAULUS</subfield>
    <subfield code="b">PAULUS</subfield>
    <subfield code="d">2013-06-04</subfield>
    <subfield code="l">0</subfield>
    <subfield code="o">P D2</subfield>
    <subfield code="r">2013-06-04 00:00:00</subfield>
    <subfield code="w">2013-06-04</subfield>
    <subfield code="y">CR</subfield>
  </datafield>
  <datafield tag="952" ind1=" " ind2=" ">
    <subfield code="0">0</subfield>
    <subfield code="1">0</subfield>
    <subfield code="2">ddc</subfield>
    <subfield code="4">0</subfield>
    <subfield code="6">P_D2</subfield>
    <subfield code="7">1</subfield>
    <subfield code="a">PAULUS</subfield>
    <subfield code="b">PAULUS</subfield>
    <subfield code="d">2013-06-04</subfield>
    <subfield code="l">0</subfield>
    <subfield code="o">P D2</subfield>
    <subfield code="r">2013-06-04 00:00:00</subfield>
    <subfield code="w">2013-06-04</subfield>
    <subfield code="y">CR</subfield>
  </datafield>
  <datafield tag="952" ind1=" " ind2=" ">
    <subfield code="0">0</subfield>
    <subfield code="1">0</subfield>
    <subfield code="2">ddc</subfield>
    <subfield code="4">0</subfield>
    <subfield code="6">P_D2</subfield>
    <subfield code="7">1</subfield>
    <subfield code="a">PAULUS</subfield>
    <subfield code="b">PAULUS</subfield>
    <subfield code="d">2013-06-04</subfield>
    <subfield code="l">0</subfield>
    <subfield code="o">P D2</subfield>
    <subfield code="r">2013-06-04 00:00:00</subfield>
    <subfield code="w">2013-06-04</subfield>
    <subfield code="y">CR</subfield>
  </datafield>
  <datafield tag="952" ind1=" " ind2=" ">
    <subfield code="0">0</subfield>
    <subfield code="1">0</subfield>
    <subfield code="2">ddc</subfield>
    <subfield code="4">0</subfield>
    <subfield code="6">P_D2</subfield>
    <subfield code="7">1</subfield>
    <subfield code="a">PAULUS</subfield>
    <subfield code="b">PAULUS</subfield>
    <subfield code="d">2013-06-04</subfield>
    <subfield code="l">0</subfield>
    <subfield code="o">P D2</subfield>
    <subfield code="r">2013-06-04 00:00:00</subfield>
    <subfield code="w">2013-06-04</subfield>
    <subfield code="y">CR</subfield>
  </datafield>
  <datafield tag="952" ind1=" " ind2=" ">
    <subfield code="0">0</subfield>
    <subfield code="1">0</subfield>
    <subfield code="2">ddc</subfield>
    <subfield code="4">0</subfield>
    <subfield code="6">P_D2</subfield>
    <subfield code="7">1</subfield>
    <subfield code="a">PAULUS</subfield>
    <subfield code="b">PAULUS</subfield>
    <subfield code="d">2013-06-04</subfield>
    <subfield code="l">0</subfield>
    <subfield code="o">P D2</subfield>
    <subfield code="r">2013-06-04 00:00:00</subfield>
    <subfield code="w">2013-06-04</subfield>
    <subfield code="y">CR</subfield>
  </datafield>
  <datafield tag="952" ind1=" " ind2=" ">
    <subfield code="0">0</subfield>
    <subfield code="1">0</subfield>
    <subfield code="2">ddc</subfield>
    <subfield code="4">0</subfield>
    <subfield code="6">P_D2</subfield>
    <subfield code="7">1</subfield>
    <subfield code="a">PAULUS</subfield>
    <subfield code="b">PAULUS</subfield>
    <subfield code="d">2013-06-04</subfield>
    <subfield code="l">0</subfield>
    <subfield code="o">P D2</subfield>
    <subfield code="r">2013-06-04 00:00:00</subfield>
    <subfield code="w">2013-06-04</subfield>
    <subfield code="y">CR</subfield>
  </datafield>
  <datafield tag="952" ind1=" " ind2=" ">
    <subfield code="0">0</subfield>
    <subfield code="1">0</subfield>
    <subfield code="2">ddc</subfield>
    <subfield code="4">0</subfield>
    <subfield code="6">P_D2</subfield>
    <subfield code="7">1</subfield>
    <subfield code="a">PAULUS</subfield>
    <subfield code="b">PAULUS</subfield>
    <subfield code="d">2013-06-04</subfield>
    <subfield code="l">0</subfield>
    <subfield code="o">P D2</subfield>
    <subfield code="r">2013-06-04 00:00:00</subfield>
    <subfield code="w">2013-06-04</subfield>
    <subfield code="y">CR</subfield>
  </datafield>
  <datafield tag="952" ind1=" " ind2=" ">
    <subfield code="0">0</subfield>
    <subfield code="1">0</subfield>
    <subfield code="2">ddc</subfield>
    <subfield code="4">0</subfield>
    <subfield code="6">P_D2</subfield>
    <subfield code="7">1</subfield>
    <subfield code="a">PAULUS</subfield>
    <subfield code="b">PAULUS</subfield>
    <subfield code="d">2013-06-04</subfield>
    <subfield code="l">0</subfield>
    <subfield code="o">P D2</subfield>
    <subfield code="r">2013-06-04 00:00:00</subfield>
    <subfield code="w">2013-06-04</subfield>
    <subfield code="y">CR</subfield>
  </datafield>
  <datafield tag="952" ind1=" " ind2=" ">
    <subfield code="0">0</subfield>
    <subfield code="1">0</subfield>
    <subfield code="2">ddc</subfield>
    <subfield code="4">0</subfield>
    <subfield code="6">P_D2</subfield>
    <subfield code="7">1</subfield>
    <subfield code="a">PAULUS</subfield>
    <subfield code="b">PAULUS</subfield>
    <subfield code="d">2013-06-04</subfield>
    <subfield code="l">0</subfield>
    <subfield code="o">P D2</subfield>
    <subfield code="r">2013-06-04 00:00:00</subfield>
    <subfield code="w">2013-06-04</subfield>
    <subfield code="y">CR</subfield>
  </datafield>
  <datafield tag="952" ind1=" " ind2=" ">
    <subfield code="0">0</subfield>
    <subfield code="1">0</subfield>
    <subfield code="2">ddc</subfield>
    <subfield code="4">0</subfield>
    <subfield code="6">P_D2</subfield>
    <subfield code="7">1</subfield>
    <subfield code="a">PAULUS</subfield>
    <subfield code="b">PAULUS</subfield>
    <subfield code="d">2013-06-04</subfield>
    <subfield code="l">0</subfield>
    <subfield code="o">P D2</subfield>
    <subfield code="r">2013-06-04 00:00:00</subfield>
    <subfield code="w">2013-06-04</subfield>
    <subfield code="y">CR</subfield>
  </datafield>
  <datafield tag="952" ind1=" " ind2=" ">
    <subfield code="0">0</subfield>
    <subfield code="1">0</subfield>
    <subfield code="2">ddc</subfield>
    <subfield code="4">0</subfield>
    <subfield code="6">P_D2</subfield>
    <subfield code="7">1</subfield>
    <subfield code="a">PAULUS</subfield>
    <subfield code="b">PAULUS</subfield>
    <subfield code="d">2013-06-04</subfield>
    <subfield code="l">0</subfield>
    <subfield code="o">P D2</subfield>
    <subfield code="r">2013-06-04 00:00:00</subfield>
    <subfield code="w">2013-06-04</subfield>
    <subfield code="y">CR</subfield>
  </datafield>
  <datafield tag="952" ind1=" " ind2=" ">
    <subfield code="0">0</subfield>
    <subfield code="1">0</subfield>
    <subfield code="2">ddc</subfield>
    <subfield code="4">0</subfield>
    <subfield code="6">P_D2</subfield>
    <subfield code="7">1</subfield>
    <subfield code="a">PAULUS</subfield>
    <subfield code="b">PAULUS</subfield>
    <subfield code="d">2013-06-04</subfield>
    <subfield code="l">0</subfield>
    <subfield code="o">P D2</subfield>
    <subfield code="r">2013-06-04 00:00:00</subfield>
    <subfield code="w">2013-06-04</subfield>
    <subfield code="y">CR</subfield>
  </datafield>
  <datafield tag="952" ind1=" " ind2=" ">
    <subfield code="0">0</subfield>
    <subfield code="1">0</subfield>
    <subfield code="2">ddc</subfield>
    <subfield code="4">0</subfield>
    <subfield code="6">P_D2</subfield>
    <subfield code="7">1</subfield>
    <subfield code="a">PAULUS</subfield>
    <subfield code="b">PAULUS</subfield>
    <subfield code="d">2013-06-04</subfield>
    <subfield code="l">0</subfield>
    <subfield code="o">P D2</subfield>
    <subfield code="r">2013-06-04 00:00:00</subfield>
    <subfield code="w">2013-06-04</subfield>
    <subfield code="y">CR</subfield>
  </datafield>
  <datafield tag="952" ind1=" " ind2=" ">
    <subfield code="0">0</subfield>
    <subfield code="1">0</subfield>
    <subfield code="2">ddc</subfield>
    <subfield code="4">0</subfield>
    <subfield code="6">P_D2</subfield>
    <subfield code="7">1</subfield>
    <subfield code="a">PAULUS</subfield>
    <subfield code="b">PAULUS</subfield>
    <subfield code="d">2013-06-04</subfield>
    <subfield code="l">0</subfield>
    <subfield code="o">P D2</subfield>
    <subfield code="r">2013-06-04 00:00:00</subfield>
    <subfield code="w">2013-06-04</subfield>
    <subfield code="y">CR</subfield>
  </datafield>
  <datafield tag="952" ind1=" " ind2=" ">
    <subfield code="0">0</subfield>
    <subfield code="1">0</subfield>
    <subfield code="2">ddc</subfield>
    <subfield code="4">0</subfield>
    <subfield code="6">P_D2</subfield>
    <subfield code="7">1</subfield>
    <subfield code="a">PAULUS</subfield>
    <subfield code="b">PAULUS</subfield>
    <subfield code="d">2013-06-04</subfield>
    <subfield code="l">0</subfield>
    <subfield code="o">P D2</subfield>
    <subfield code="r">2013-06-04 00:00:00</subfield>
    <subfield code="w">2013-06-04</subfield>
    <subfield code="y">CR</subfield>
  </datafield>
  <datafield tag="952" ind1=" " ind2=" ">
    <subfield code="0">0</subfield>
    <subfield code="1">0</subfield>
    <subfield code="2">ddc</subfield>
    <subfield code="4">0</subfield>
    <subfield code="6">P_D2</subfield>
    <subfield code="7">1</subfield>
    <subfield code="a">PAULUS</subfield>
    <subfield code="b">PAULUS</subfield>
    <subfield code="d">2013-06-04</subfield>
    <subfield code="l">0</subfield>
    <subfield code="o">P D2</subfield>
    <subfield code="r">2013-06-04 00:00:00</subfield>
    <subfield code="w">2013-06-04</subfield>
    <subfield code="y">CR</subfield>
  </datafield>
  <datafield tag="952" ind1=" " ind2=" ">
    <subfield code="0">0</subfield>
    <subfield code="1">0</subfield>
    <subfield code="2">ddc</subfield>
    <subfield code="4">0</subfield>
    <subfield code="6">P_D2</subfield>
    <subfield code="7">1</subfield>
    <subfield code="a">PAULUS</subfield>
    <subfield code="b">PAULUS</subfield>
    <subfield code="d">2013-06-04</subfield>
    <subfield code="l">0</subfield>
    <subfield code="o">P D2</subfield>
    <subfield code="r">2013-06-04 00:00:00</subfield>
    <subfield code="w">2013-06-04</subfield>
    <subfield code="y">CR</subfield>
  </datafield>
  <datafield tag="952" ind1=" " ind2=" ">
    <subfield code="0">0</subfield>
    <subfield code="1">0</subfield>
    <subfield code="2">ddc</subfield>
    <subfield code="4">0</subfield>
    <subfield code="6">P_D2</subfield>
    <subfield code="7">1</subfield>
    <subfield code="a">PAULUS</subfield>
    <subfield code="b">PAULUS</subfield>
    <subfield code="d">2013-06-04</subfield>
    <subfield code="l">0</subfield>
    <subfield code="o">P D2</subfield>
    <subfield code="r">2013-06-04 00:00:00</subfield>
    <subfield code="w">2013-06-04</subfield>
    <subfield code="y">CR</subfield>
  </datafield>
  <datafield tag="952" ind1=" " ind2=" ">
    <subfield code="0">0</subfield>
    <subfield code="1">0</subfield>
    <subfield code="2">ddc</subfield>
    <subfield code="4">0</subfield>
    <subfield code="6">P_D2</subfield>
    <subfield code="7">1</subfield>
    <subfield code="a">PAULUS</subfield>
    <subfield code="b">PAULUS</subfield>
    <subfield code="d">2013-06-04</subfield>
    <subfield code="l">0</subfield>
    <subfield code="o">P D2</subfield>
    <subfield code="r">2013-06-04 00:00:00</subfield>
    <subfield code="w">2013-06-04</subfield>
    <subfield code="y">CR</subfield>
  </datafield>
  <datafield tag="952" ind1=" " ind2=" ">
    <subfield code="0">0</subfield>
    <subfield code="1">0</subfield>
    <subfield code="2">ddc</subfield>
    <subfield code="4">0</subfield>
    <subfield code="6">P_D2</subfield>
    <subfield code="7">1</subfield>
    <subfield code="a">PAULUS</subfield>
    <subfield code="b">PAULUS</subfield>
    <subfield code="d">2013-06-04</subfield>
    <subfield code="l">0</subfield>
    <subfield code="o">P D2</subfield>
    <subfield code="r">2013-06-04 00:00:00</subfield>
    <subfield code="w">2013-06-04</subfield>
    <subfield code="y">CR</subfield>
  </datafield>
</record>
